| 000 | 00418nam a22001571a 4500 | ||
|---|---|---|---|
| 020 | _a9789382432777 | ||
| 082 |
_aH100 9 _bLAK/R |
||
| 245 |
_aRudravatar aur ram ki shaktipooja/ _cby Laxmikant Pande (ed.) |
||
| 260 |
_aKanpur: _bAman Prakashan, _c2013. |
||
| 300 | _a136p. | ||
| 650 | _aPoetry Hindi Criticism | ||
| 650 | _aLiterature Hindi | ||
| 650 | _aLiterature | ||
| 700 | _aLaxmikant Pande (ed.) | ||
| 942 | _cBK | ||
| 999 |
_c38753 _d38753 |
||